Estatísticas para Países que vencem o Brasil

Clique aqui para jogar o quiz

Estatísticas Gerais

  • Esse quiz foi jogado 108 vezes
  • A pontuação média é 8 de 15

Estatísticas das Respostas

RankCategoriaPaíses% Correto
5Maior populaçãoChina | Índia | Estados Unidos | Indonésia | Paquistão
99%
7Lugar mais ao sul
Chile | Argentina | Austrália | Nova Zelândia |
África do Sul | Uruguai
99%
4Faz fronteira com mais paísesChina | Rússia | França
95%
2Mais estrelas na bandeiraEstados Unidos
87%
13Maior taxa de assassinato
El Salvador | Jamaica | Lesoto | Honduras |
Belize | Venezuela | São Vicente e Granadinas |
África do Sul | São Cristóvão e Névis | Nigéria | Bahamas | Trindade e Tobago | México
67%
2Possui mais florestaRússia
63%
2Maior população cristãEstados Unidos
54%
2
Vezes sediando a Copa do Mundo masculina da FIFA (até 2026)
México
54%
6
A capital mais distante das capitais de outros países
Austrália | Nova Zelândia | Timor-Leste | Palau | Islândia
52%
2Mais catedraisItália
45%
4Maior produção de bananaÍndia | China | Indonésia
37%
4Maior produção de cacauCosta do Marfim | Gana | Indonésia
16%
2Maior área coberta por manguezaisIndonésia
16%
2Maior produção de minério de ferroAustrália
13%
7Capital fundada mais recentemente
Palau | Myanmar | Nigéria | Estados Federados da Micronésia | Belize | Botsuana
11%

Distribuição das Pontuações

Percentil de Números Respondidos

Porcentagem de Pessoas com Cada Pontuação

Sua Pontuação Histórica

Você não jogou esse quiz